000 00393nam a2200133Ia 4500
005 20260328104252.0
008 260328s9999||||xx |||||||||||||| ||und||
100 _aMcMichael Reese, Carol
245 0 _aEl Canal de Panamá y su legado arquitectónico (1905-1920) /
_cCarol McMichael Reese
260 _bFundación Cuidad del Saber
300 _a225 p.
650 _aLATINOAMERICA
942 _cBK
999 _c10270
_d10270